Croatia in Eurovision - 12 points - Statistics

General Stats
  • This quiz has been taken 38 times
    21 since last reset
  • The average score is 58 of 63
Answer Stats
Hint Answer % Correct
2006 SF Bosnia & Herzegovina
100%
2006 Bosnia & Herzegovina
100%
2008 Bosnia & Herzegovina
100%
2009 Bosnia & Herzegovina
100%
2012 SF Bosnia & Herzegovina
100%
2016 SF (Televote) Bosnia & Herzegovina
100%
2007 SF Serbia
100%
2007 Serbia
100%
2009 SF Serbia
100%
2011 SF Serbia
100%
2012 Serbia
100%
2016 (Televote) Serbia
100%
2018 (Televote) Serbia
100%
2021 (Televote) Serbia
100%
2022 (Jury) Serbia
100%
2022 (Televote) Serbia
100%
2024 SF (Televote) Serbia
100%
2024 (Televote) Serbia
100%
1999 Slovenia
100%
2011 Slovenia
100%
2023 (Televote) Slovenia
100%
2001 Denmark
93%
2013 SF Denmark
93%
2023 SF (Televote) Finland
93%
2019 (Jury) Italy
93%
2019 (Televote) Italy
93%
2021 (Jury) Italy
93%
2023 (Jury) Italy
93%
2005 SF North Macedonia
93%
2008 SF North Macedonia
93%
2019 SF (Jury) North Macedonia
93%
2019 SF (Televote) North Macedonia
93%
1993 Norway
93%
2022 SF (Jury) Portugal
93%
2024 (Jury) Portugal
93%
2004 SF Serbia & Montenegro
93%
2004 Serbia & Montenegro
93%
2005 Serbia & Montenegro
93%
1997 United Kingdom
93%
1998 United Kingdom
93%
2017 SF (Televote) Hungary
87%
2017 (Jury) Hungary
87%
2017 (Televote) Hungary
87%
1995 Malta
87%
1996 Malta
87%
2002 Malta
87%
2021 SF (Jury) Malta
87%
KZM (1993 QR) Romania
87%
2010 Turkey
87%
2013 Ukraine
87%
2021 SF (Televote) Ukraine
87%
2022 SF (Televote) Ukraine
87%
2016 (Jury) Australia
80%
2010 SF Cyprus
80%
2018 SF (Televote) Cyprus
80%
1994 Ireland
80%
2018 SF (Jury) Israel
80%
2017 SF (Jury) Netherlands
80%
2000 Russia
80%
2003 Russia
80%
1996 QR Slovakia
80%
2018 (Jury) Lithuania
73%
2016 SF (Jury) Czech Republic
67%
No matching quizzes found
Score Distribution
Percent of People with Each Score
Percentile by Number Answered
Your Score History
You have not taken this quiz since the last reset